01524nam a2200361 a 4500001001000000003000500010005001700015008004100032010001100073011001100084040000900095090001000104100004300114245015500157260004100312500006000353502009700413590004100510590004000551590004000591650002800631650002900659650003200688650003200720650002200752856007000774901000700844942001000851942000600861999001900867952013600886952014001022000111035CHAP20220329144155.0141126s2014 mx sm |||||||spa d a107497 a108469 cCHAP aTesis1 aCruz Vasconcelos, Sonia Teresa912882310aUso de tintes vegetales para el teñido de textilex triqui en la Laguna de Guadalupe, Putla, Oaxacah[En línea]cpor Sonia Teresa Cruz Vasconcelos. aChapingo, Méx. :bEl autor,c2014. aPara ver el contenido del material haga clic en la liga aTesis (Ing. Agr. Esp. en Restauración Forestal) -- UACH. División de Ciencias Forestales aE11695DGDb10c20141127lUCH01h1022 aE5765TAJb05c20141126lUCH01h1128 aE5765TAJb05c20141126lUCH01h112914aFibras textiles.94070014aFibras vegetales.94070314aPigmentos vegetales.98805714aPlantas tintóreas.98908514aTeñido.9112297 aFinding aiduhttp://10.13.5.2/tesis/sist111035.pdfzTeclea aquí aBK cTESIS n0 c107497d107497 00104054718TESISaBCbBCd2014-11-26fTESISl0oTesisp33724002432983r2019-12-31 00:00:00w2019-12-31yTESISzRecien adquirido 00102local4053708TESISaBCbBCcPA_TESISd2014-11-26fTESISl0oTesisp33724002433025r2019-12-31 00:00:00tc.2w2019-12-31yTESIS